000 00551nam a2200205Ia 4500
005 20250923144610.0
008 008 250917s9999 xx 000 0 eng d
037 _aTextual
040 _aDSWL
_beng
_cDSWL
041 _aeng
_2eng
084 _qDSWL
100 _aDahir, James
_9826494
245 0 _aNeighborhood unit plan its sread and acceptances
_cby James Dahir
260 _aNew York
_bRussell Sage Foundation
_c1947
300 _a91p.
365 _aUSD
_b1
925 _g1
942 _cTEXL
999 _c1440994
_d1440994